| 000 | 00590nam a2200241Ia 4500 | ||
|---|---|---|---|
| 005 | 20250425161920.0 | ||
| 008 | 250425s9999 xx 000 0 und d | ||
| 041 | _aspa | ||
| 043 | _ack | ||
| 082 | _a658.8 | ||
| 100 | _aVILLEGAS ORREGO, FABIO | ||
| 245 | 0 | _aLA INVESTIGACION DEL MARKETING Y SU PAPEL EN LA GERENCIA | |
| 250 | _a1A ED. | ||
| 260 | _aCALI | ||
| 260 |
_aColombia _bUNIVERSIDAD DEL VALLE _c1996 |
||
| 300 | _a253 | ||
| 650 | _aGERENCIA | ||
| 650 | _aINVESTIGACION | ||
| 650 | _aMARKETING | ||
| 710 | _aUNIVERSIDAD DEL VALLE | ||
| 942 | _c01 | ||
| 010 | _a34784 | ||
| 999 |
_c218760 _d218760 |
||